| 000 -LEADER | |
|---|---|
| fixed length control field | 00271nam a22001217a 4500 |
| 050 ## - LIBRARY OF CONGRESS CALL NUMBER | |
| Classification number | KD2079 |
| 100 ## - MAIN ENTRY--AUTHOR NAME | |
| Personal name | BONDZI- SIMPSON, Philip |
| 245 ## - TITLE STATEMENT | |
| Title | COMPANY Law in Ghana |
| 260 ## - PUBLICATION, DISTRIBUTION, ETC. (IMPRINT) | |
| Place of publication | Accra |
| Name of publisher | AVANT Association ltd |
| Year of publication | 2009 |
| 300 ## - PHYSICAL DESCRIPTION | |
| Number of Pages | 320p |
| 942 ## - ADDED ENTRY ELEMENTS (KOHA) | |
| Koha item type | Books |
| 988 ## - PAGINATION/EXTENT | |
| PAGINATION/EXTENT | xvii,320p. |
| Koha item type | Collection code | Accession Number | Permanent Location | Current Location | Date acquired | Full call number |
|---|---|---|---|---|---|---|
| Books | Reference | 2724 | Chapman Library | Chapman Library | 2017-02-10 | KD 2079bon |
| Books | Reference | 2725 | Chapman Library | Chapman Library | 2017-02-10 | KD 2079bon |
| Books | Reference | 2726 | Chapman Library | Chapman Library | 2017-02-10 | KD 2079bon |

